[Event "Groningen op"]
[Site "Groningen"]
[Date "1993.??.??"]
[Round "3"]
[White "Nesterov, Yakov"]
[Black "Relange, Eloi"]
[Result "1/2-1/2"]
[WhiteElo "2485"]
[BlackElo "2365"]
[Annotator "Vaisser,A"]
[PlyCount "73"]
[EventDate "1993.12.??"]
[EventType "swiss"]
[EventRounds "11"]
[EventCountry "NED"]
[SourceTitle "CBM 039"]
[Source "ChessBase"]
[SourceDate "1994.04.01"]
[SourceVersion "1"]
[SourceVersionDate "1994.04.01"]
[SourceQuality "1"]

1. d4 d5 2. c4 e6 3. Nc3 c6 4. Nf3 dxc4 5. e3 b5 6. a4 Bb4 7. Bd2 Bb7 8. b3 a5
9. axb5 Bxc3 10. Bxc3 cxb5 11. bxc4 b4 12. Bb2 Nf6 13. Bd3 Nbd7 14. Qc2 O-O 15.
O-O Qc7 16. e4 e5 17. c5 exd4 18. Bxd4 Ng4 $5 $146 (18... h6 19. Rfc1 Bc6 20.
e5 Nd5 $13 {Jasnikowsky,Z-Sherbakov,R/Katowice/1992/}) 19. Rfc1 Bc6 20. e5 $6
Bxf3 $1 21. gxf3 Ndxe5 22. Bxh7+ Kh8 {[#]} 23. Be4 $2 (23. Qf5 $1 Nxf3+ $1 (
23... g6 $2 24. Qxg4 Kxh7 25. Qh4+ Kg8 26. Qf6 Rfe8 27. Re1) 24. Qxf3 Qxh2+ 25.
Kf1 Qh4 26. Kg2 $10) 23... Rad8 $1 24. Qb2 $2 (24. Bxe5 Nxe5 $17) 24... Nxf3+
$1 25. Bxf3 Qxh2+ 26. Kf1 Qh3+ 27. Bg2 Qd3+ 28. Kg1 Rxd4 29. Rxa5 Rf4 $1 30.
Qc2 Nxf2 31. c6 b3 $1 32. Qxd3 Nxd3 33. Rb1 Rb4 $19 34. c7 Nf4 35. Bd5 Nxd5 $2
(35... Ne6 $1 $19) 36. Rxd5 Rc4 37. Rd8 $2 (37. Rd7 g6 (37... Rc3 $2 38. Rxb3
$1) 38. Rxb3 Kg7 39. Rf3 $1 $10) (37. Rd8 $2 Kg8 38. Rd7 Rc3 $17) 1/2-1/2

[Event "Braganca Paulista op"]
[Site "Sao Paulo"]
[Date "1997.??.??"]
[Round "5"]
[White "Sorin, Ariel"]
[Black "Vera Gonzalez Quevedo, Reynaldo"]
[Result "0-1"]
[WhiteElo "2460"]
[BlackElo "2530"]
[Annotator "Vera,R"]
[PlyCount "70"]
[EventDate "1997.??.??"]
[EventType "swiss"]
[EventRounds "7"]
[EventCountry "BRA"]
[SourceTitle "EXT 2001"]
[Source "ChessBase"]
[SourceDate "2000.11.22"]
[SourceVersion "1"]
[SourceVersionDate "2000.11.22"]
[SourceQuality "1"]

1. d4 d5 2. c4 e6 3. Nc3 c6 (3... Bb4 {- 71/(412)}) 4. Bf4 dxc4 5. e3 b5 6. a4
Nf6 $1 7. axb5 cxb5 8. Nxb5 Bb4+ 9. Nc3 Nd5 10. Nge2 (10. Rc1) (10. Qc2 {
- 42/503}) 10... O-O 11. Bg3 Bb7 $1 $146 (11... Nc6) 12. Qc2 (12. e4 Nb6 13. f3
Nc6 14. Bf2 f5 $1 $15) 12... Nc6 13. Nf4 (13. e4 $2 Nxc3 14. bxc3 Nxd4 15. Nxd4
Qxd4 $1 $17) 13... Nxf4 14. Bxf4 Qf6 $1 15. Bg3 (15. Bxc4 Nxd4 16. exd4 Qxf4
$17) (15. Rd1 e5 16. Bxe5 Nxe5 17. dxe5 Qxe5 $15) 15... e5 16. d5 Nd4 $1 17.
Qa4 (17. exd4 exd4 18. Ra4 dxc3 19. Rxb4 Qe7+) 17... Bxd5 $1 18. exd4 (18. Qxb4
$4 Nc2+ $19) 18... Bxc3+ 19. bxc3 exd4 20. O-O-O (20. cxd4 Qxd4 21. Rd1 Qc3+
22. Rd2 Rfe8+ 23. Be2 Bxg2 24. Rg1 Bf3 $19) (20. f3 d3 (20... Qe6+ 21. Kd1 dxc3
) 21. Qa5 Bxf3 22. gxf3 Qxf3 $19) 20... d3 21. Qa5 Rac8 $1 22. Bxd3 (22. f3 Rc5
$1 23. Qa3 (23. Qxc5 Qxc3+ 24. Kb1 Qc2+ 25. Ka1 c3 $19) (23. Qb4 Rb5 $1) 23...
Rb5 24. Qa1 Rb3 25. Kd2 Qh6+ 26. f4 Qb6 $19) 22... cxd3 23. Rxd3 (23. Qxd5 $2
Qxc3+ 24. Kb1 Rb8+) 23... Be4 $1 24. Re3 Bg6 25. Rd1 Qc6 26. f3 Qb7 $17 27. Qa2
Rc6 28. Rd6 Rxd6 29. Bxd6 Qb6 30. Bf4 Rd8 $1 $19 31. Qb2 Qa6 32. Bg3 h6 $1 33.
Bf2 Qa4 34. Re1 Rd5 35. Bd4 Rb5 (35... Rb5 36. Qe2 Qa3+ 37. Kd2 Rb2+) 0-1

[Event "Moscow Aeroflot op"]
[Site "Moscow"]
[Date "2002.??.??"]
[Round "3"]
[White "Turov, Maxim"]
[Black "Vaganian, Rafael A"]
[Result "0-1"]
[WhiteElo "2563"]
[BlackElo "2662"]
[Annotator "Wells,P"]
[PlyCount "58"]
[EventDate "2002.02.04"]
[EventType "swiss"]
[EventRounds "9"]
[EventCountry "RUS"]
[SourceTitle "CBM 088"]
[Source "ChessBase"]
[SourceDate "2002.03.21"]
[SourceVersion "1"]
[SourceVersionDate "2002.03.21"]
[SourceQuality "1"]

1. d4 d5 2. c4 e6 3. Nc3 Be7 4. cxd5 exd5 5. Bf4 c6 6. e3 Bf5 7. g4 Be6 8. h4 {
The more ambitious plan, although I can see more virtue in this move when
there is a bishop on g6 to harrass, than when it has opted for e6.} Nd7 9. h5
Nh6 $1 {[%cal Ge7h4,Gf7f5]} 10. Be2 Nb6 11. Nh3 $6 {This takes the eye off the
h-file, and allows black to reveal white's king-side pawns as vulnerable
rather than as potent restrictors of black's forces. 9...Nh6 is clever - it
keeps the f-pawn flexible, and does not block black's bishops.} ({The
semi-waiting move} 11. Rc1 $5 {is preferable, when Kasparov gives} Nc4 12. Bxc4
dxc4 13. Bxh6 gxh6 {as unclear. Indeed it looks a big mess - both sides have
glaring weaknesses.}) 11... g5 $1 12. hxg6 hxg6 13. f3 Bh4+ 14. Nf2 g5 $1 {
and again!} 15. Bh2 Qe7 16. e4 dxe4 17. fxe4 Nc4 $17 {a model treatment of
black's counterplay.} 18. Bxc4 Nxg4 19. Bg3 Nxf2 20. Bxf2 Bxf2+ 21. Kxf2 Rxh1
22. Qxh1 Qf6+ 23. Ke1 Bxc4 24. e5 Qg7 25. Ne4 O-O-O 26. Nd6+ Rxd6 27. exd6 Qxd4
28. Qh3+ Be6 29. Qh6 Qe5+ 0-1

[Event "Dos Hermanas-A"]
[Site "Dos Hermanas"]
[Date "2001.04.26"]
[Round "8"]
[White "Gurevich, Mikhail"]
[Black "Vallejo Pons, Francisco"]
[Result "1/2-1/2"]
[WhiteElo "2688"]
[BlackElo "2559"]
[Annotator "Wells,P"]
[PlyCount "34"]
[EventDate "2001.04.19"]
[EventType "tourn"]
[EventRounds "9"]
[EventCountry "ESP"]
[EventCategory "16"]
[SourceTitle "CBM 083"]
[Source "ChessBase"]
[SourceDate "2001.07.05"]
[SourceVersion "1"]
[SourceVersionDate "2001.07.05"]
[SourceQuality "1"]

1. c4 {Dautov Cifuentes} e6 2. Nc3 d5 3. d4 c6 4. e4 $5 {The 'other' Marshall
Gambit. The man did tremendously at introducing gambits which have stood the
test of time. The basic point, that having played both ...c6 and ...e6 giving
up the dark squared bishop in order to win a pawn will involve considerable
risks is readily comprehensible. The reality, is still immensely complex, not
least because black's queen coming to e4, can be vulnerable, but can also
hinder in turn white's smoooth development. Still, this is a gambit the basic
soundness of which is barely in question.} dxe4 5. Nxe4 Bb4+ 6. Bd2 Qxd4 7.
Bxb4 Qxe4+ {[%csl Rd6,Ge4][%cal Yd1d6,Ge4e1] The black square weaknesses are
real enough. However, whichever piece blocks the check will be pinned. This
need not be serious, but practice suggests that un-pinning by castling long,
whilst a serious and critical option, is no general panacea. The game
continuation too suggests that the king is not totally secure on c1.} 8. Be2 (
8. Ne2 $5) 8... Na6 {'!' Cifuentes. '!' Dautov. Dautov: 'Dieser Zug bereitet
Weiß in der letzten Zeit Kopfschmerzen. Es wird für Anziehende zunehmend
schwerer, ausreichende Kompensation für den geopferten Bauern zu bekommen.'} 9.
Bc3 {Dautov: 'Auch die anderen Fortsetzungen versprechen Weiß nicht viel.'} (9.
Ba5 $5 {is a very serious alternative, as it is at least plausible that the
weakness of c6 consequent upon black feeling obliged to kick the bishop with ..
.b6 at some stage will more than outweigh the slight 'regaining of dark square
influence' which this move might represent. The game I give here bears some
similarity to the main column. It is worth mentioning though that white's
queen gets to d8 in one move here, but nonetheless matters are not totally
clear, partly as black is here able to parry Bh5+ with ...g6, whereas in
Gurevich-Vallejo Pons that option is not available.} f6 $5 (9... b6 10. Qd6 $1
{[%csl Rc6][%cal Yf2f3,Ge4c6]} bxa5 $140 11. Rd1 $1 $16) 10. Qd8+ Kf7 11. O-O-O
b6 12. Bc3 e5 13. Bh5+ g6 14. Bf3 Qf4+ $6 (14... Qxc4 $1 $13) 15. Rd2 Qxc4 16.
Ne2 Qxa2 $6 17. Rd6 Rb8 18. Rhd1 Be6 19. Rd7+ Bxd7 20. Rxd7+ Ke6 21. Rd6+ Kf7
22. Rd7+ Ke6 23. Bg4+ $1 f5 24. Rd6+ Kf7 25. Rd7+ Ke6 26. Nf4+ $1 {[%cal Gc3h8]
1-0 Van Wely,L-Krasenkow,M/Istanbul 2000/EXT 2001 (33) those dark squares
again!!}) (9. Bd6 {Dautov} b6 10. Nf3 Bb7 11. O-O O-O-O 12. Ne5 Qf5 13. Bg4 Qf6
14. Bf3 Ne7 15. Bxe7 Qxe7 16. Qa4 Qc7 17. Nxc6 Bxc6 18. Qxa6+ Kb8 $11 {
Verduga-Vera/La Habana 1986}) 9... f6 $5 {Relatively rare, but in a sense
critical. It is no coincidence that black's defence involves almost entirely
decisions which are positionally highly desirable - he places his pawns so as
to limit the bishop on c3, to enhance his own, and to try and mitigate the
dark square weaknesses. It is for these reasons and more that 9...Nf6? falls
well short of the mark.  Dautov: 'Ein typischer Verteidigungszug, der dem
schwarzen König einen Platz auf f7 sichert.'} 10. Qd6 {'!?' Cifuentes.} (10.
Nf3 $143 Ne7 11. O-O O-O 12. Re1 Ng6 13. b4 e5 $15) (10. Qd2 {Dautov} e5 11. f3
Qh4+ 12. g3 Qh6 $15) 10... Ne7 {'!' Cifuentes. 'N' Dautov. Dautov: 'Ein
interessanter neuer Zug. Man muß bemerken, daß Schwarz hier einige gute
Möglichkeiten hat.'} (10... Bd7 $143 11. O-O-O O-O-O 12. Qg3 g5 (12... Qg6 13.
Qe3 b6 (13... Qh6 $1 {Dautov} 14. f4 c5 15. Nf3 e5 16. g3 Ne7 $17 {Kaidanov})
14. Nh3 Qh6 15. f4 Ne7 16. g4 e5 17. Bd2 Nc5 18. Qa3 e4 19. Nf2 Kb7 20. f5 Qh4
21. Be3 Nd3+ 22. Nxd3 exd3 23. Rxd3 Nxf5 24. Rhd1 {1-0 Bronstein,D-Szily,J/
Budapest 1949 (24)}) 13. Bd3 Qf4+ 14. Qxf4 gxf4 15. g3 fxg3 16. hxg3 e5 17.
Rxh7 Rxh7 18. Bxh7 Be6 19. Rxd8+ Kxd8 20. b3 $14 {1/2-1/2 Yakovich,Y-Korneev,O/
Ekaterinburg 1997 (41)}) (10... Nh6 $6 11. O-O-O (11. Rd1 {Dautov} Nf7 12. Qa3
e5 $13) 11... Nf7 12. Qg3 Qg6 13. Nf3 {1-0 Peach,J-Johansson,S/EU-ch M corr
1997 (26)}) (10... e5 11. Rd1 Qf5 12. Qd8+ Kf7 13. c5 Nxc5 14. Bc4+ Ne6 15. Ne2
Qe4 16. Rd7+ $1 Bxd7 17. Qxd7+ Ne7 18. Qxe6+ Ke8 19. O-O {1-0 Goumondy,
J-Roignot,P/FRA corr 1986 (19)}) 11. O-O-O {[%csl Rc1,Yc3,Ye2,Re8][%cal Ge6e5,
Gc8f5,Gh8a8,Ga8h8]} (11. Rd1 Kf7 12. Nf3 Ng6) 11... e5 $1 {[%csl Rc1][%cal
Gc8f5] 'N!?' Cifuentes. Dautov: 'Die Pointe der Verteidigung. Schwarz opfert
eine Qualität.'} (11... Kf7 12. Qd2 e5 13. f3 Qg6 14. f4 e4 15. h3 h5 16. Bf1
Be6 17. b3 Nc5 18. Bb4 Rad8 19. Qxd8 Rxd8 20. Rxd8 Nd3+ 21. Rxd3 exd3 22. Bxe7
Kxe7 23. Nf3 Qe4 {0-1 Steele,R-Muir,W/NAtlantic tt3 corr9094 1990 (23)}) (11...
Ng6 $5) 12. Bh5+ {Dautov: 'Nach diesem Schach erreicht Weiß höchstens ein
Remis.'} ({The variation} 12. Qd8+ Kf7 13. Qxh8 Bf5 14. Bd3 {'[]' Cifuentes.}
Qxd3 $1 (14... Qf4+ 15. Bd2 Qd4 16. Be3 Qxd3 17. Rxd3 Rxh8 18. Rb3 $14) 15.
Rxd3 Rxh8 16. Rd1 (16. Rd2 Nc5 17. Nf3 (17. f3 $6 Nd3+ 18. Kd1 Rd8 $1 19. Ke2
Nf4+ 20. Kf1 Rxd2 21. Bxd2 Bd3+ $44) 17... Ne4 18. Re2 Ng6 $1 (18... Nxc3 $6
19. bxc3 Bd3 20. Rxe5 $1 Bxc4 21. Re4 $14) 19. Bd2 Nc5 20. Ne1 Nd3+ 21. Nxd3
Bxd3 $15) 16... Nc5 $44 {reveals another important facet of modern defence
against the gambit - the willingness to return the material ( and more ) to
recapture the initiative. Here black's pawn, tight structure and active pieces
offer ample for the exchange.}) 12... Ng6 (12... g6 $5 13. Qxf6 $2 (13. Bf3 {
Dautov} Qf4+ {das Spiel fortzusetzen, was zu einer unklaren Stellung führte:}
14. Rd2 (14. Kb1 {Dautov} Bf5+ 15. Ka1 Kf7 $17) 14... Kf7 15. b3 Nf5 16. Qa3
Qh6 $13) 13... Bf5 $3 14. Qxh8+ Kf7 15. Qxh7+ Kf8 $1 $19) 13. Qd8+ (13. Bxg6+
hxg6 14. Qd8+ Kf7 15. Qxh8 Bf5 $19) 13... Kf7 14. Rd7+ {'=!' Cifuentes. Dautov:
'Der einzige Zug.'} (14. Qxh8 $4 Bf5 15. Rd7+ Ke6 $19) 14... Ke6 (14... Bxd7 $5
15. Qxd7+ Kf8 16. Qxb7 (16. Nf3 $5) (16. Qd6+ {'!' Dautov.} Ke8 (16... Kf7 $11)
(16... Ne7 {Dautov} 17. Qe6 Ng6 18. Qd6+ $11) 17. Qe6+ Kd8 $2 (17... Kf8 $11)
18. Ne2 Nc5 19. Qd6+ Nd7 20. Rd1 Ngf8 21. Nd4 $1 exd4 22. Re1 Qxe1+ 23. Bxe1
$16) (16. Ne2 $2 {Dautov} Re8 17. Ng3 Qf4+ 18. Kb1 Qxc4 19. Nf5 Qf7 $17) 16...
Rd8 17. Qxa6 Qf4+ $40 18. Kc2 Qf5+) 15. Rd6+ Kf7 16. Rd7+ Ke6 17. Rd6+ Kf7
1/2-1/2

[Event "Cappelle op 15th"]
[Site "Cappelle la Grande"]
[Date "1999.02.19"]
[Round "7"]
[White "Yakovich, Yuri"]
[Black "Krivonosov, Oleg"]
[Result "1-0"]
[WhiteElo "2565"]
[BlackElo "2446"]
[Annotator "Yakovich,Y"]
[PlyCount "131"]
[EventDate "1999.02.13"]
[EventType "swiss"]
[EventRounds "9"]
[EventCountry "FRA"]
[SourceTitle "CBM 069"]
[Source "ChessBase"]
[SourceDate "1999.04.01"]
[SourceVersion "1"]
[SourceVersionDate "1999.04.01"]
[SourceQuality "1"]

1. d4 d5 2. c4 e6 3. Nc3 Be7 4. cxd5 exd5 5. Bf4 c6 6. Qc2 Bd6 7. Bg3 Ne7 8. e3
Bf5 9. Qb3 Nc8 10. Be2 (10. Nf3) 10... O-O (10... Qb6) 11. Nf3 Qb6 (11... Qe7
12. Ne5) 12. Nh4 Bg6 13. Nxg6 hxg6 (13... Qxb3 14. axb3 hxg6 15. Bxd6 Nxd6 16.
b4 a6 (16... Nd7 17. b5) 17. b5) 14. Qc2 Nd7 15. O-O-O Nf6 16. f3 Re8 17. e4
dxe4 18. fxe4 Bb4 19. Na4 Qa5 20. a3 Bf8 21. Nc3 Nb6 22. Kb1 (22. Be1 Qg5+ 23.
Bd2 Qxg2 24. Qd3 Rad8) 22... c5 23. Be1 (23. d5 Nbd7) 23... cxd4 24. Nb5 Qa4
25. Qxa4 (25. b3 Qa6) 25... Nxa4 26. Nc7 (26. Rxd4 Rxe4) 26... Rxe4 27. Nxa8 (
27. Bf3 Rd8 28. Bxe4 Nxe4) 27... Rxe2 28. Rd2 Re8 (28... d3 29. Rxe2 dxe2 30.
Bg3) (28... Re4 29. Bf2 Bc5 30. b4) 29. Rxd4 Nxb2 30. Nc7 Rc8 (30... Re2 31.
Bc3 Bxa3 32. Re1 (32. Nb5 Ne4 33. Rxe4 Rxe4 34. Nxa3 Na4) 32... Rxg2 33. Nb5)
31. Kxb2 Rxc7 32. Rd8 Rd7 (32... Nh7 33. Bb4 f6 34. Rc1) 33. Ra8 (33. Rxd7 Nxd7
34. Bb4) 33... Nd5 34. Rxa7 Bc5 35. Ra8+ Kh7 36. Rf1 Nb6 37. Rb8 Nc4+ 38. Ka2
g5 (38... Nxa3 39. Rf3 Nc4 40. Rh3#) 39. Bb4 Bxb4 40. axb4 Ne5 41. Kb3 Nc6 42.
Rc8 f6 (42... Rd3+ 43. Kc4 Rd4+ 44. Kc3 Rxb4 45. Rxc6) 43. Kc3 Re7 44. Rb1 Re2
45. b5 Ne7 46. Rb8 Nd5+ (46... Rxg2 47. Rxb7 Nd5+ 48. Kc4) 47. Kc4 Nb6+ 48. Kd3
Re7 49. Rd8 Kg6 50. Rd6 (50. Rb2 Na4) 50... Nc8 51. Rd4 Nb6 52. Rb2 Nd7 53. Kc4
Kf7 54. Kd5 Re6 55. Rc2 Nb6+ (55... Ke7 56. Rc7 Rd6+ 57. Kc4) 56. Kc5 Ke7 57.
Kb4 Ke8 58. Rc7 Re7 59. Rxe7+ Kxe7 60. Re4+ Kd6 61. Re8 Nd5+ 62. Kc4 Nf4 63. g3
Ne6 64. Rg8 Kc7 65. Kd5 Kd7 66. g4 1-0

[Event "Geneva FIDE GP"]
[Site "Geneva"]
[Date "2017.07.07"]
[Round "2"]
[White "Hou, Yifan"]
[Black "Riazantsev, Alexander"]
[Result "1/2-1/2"]
[WhiteElo "2666"]
[BlackElo "2654"]
[Annotator "Yermolinsky,A"]
[PlyCount "91"]
[EventDate "2017.07.06"]
[EventType "swiss"]
[EventRounds "9"]
[EventCountry "SUI"]
[SourceTitle "CBM 180"]
[Source "ChessBase"]
[SourceDate "2017.09.13"]
[SourceVersion "1"]
[SourceVersionDate "2017.09.13"]
[SourceQuality "1"]

1. c4 e6 2. Nc3 d5 3. d4 Be7 4. cxd5 exd5 5. Bf4 c6 6. e3 Bd6 7. Bg3 Ne7 8. Bd3
Bf5 9. Nge2 O-O 10. a3 a5 11. Rc1 Bxd3 12. Qxd3 Na6 13. Na4 Nc8 14. Nc5 Qe7 15.
Qc3 Ra7 16. O-O Nc7 17. Nf4 Bxf4 18. Bxf4 Ne6 19. Bb8 Ra8 20. Bg3 Nb6 21. a4
Rfe8 22. b3 Nxc5 23. dxc5 Nd7 24. Rfe1 Nf8 25. h3 f6 26. Re2 Qf7 27. Rb2 Ng6
28. b4 axb4 29. Rxb4 Ne5 30. Rcb1 Re7 31. e4 Rd8 32. Rd1 h6 33. Qb3 Red7 34.
exd5 cxd5 35. Rb1 Nc4 36. Rxb7 Nd2 37. Qb6 Nxb1 38. c6 Nc3 39. cxd7 Rxd7 40.
Rxd7 Qxd7 41. a5 d4 42. a6 d3 {A good, consistent game from Hou up to this
point.} 43. Qb3+ $2 {A bad mistake, throwing away the win. Keep in mind, this
was played after the time control. With this move, she loses her a-pawn and
advantage.} (43. a7 d2 44. a8=Q+ Kh7 45. Qbb8 d1=Q+ 46. Kh2 Q1d5 {is just
equal,}) ({but} 43. Bf4 $1 {would crown her efforts:} Nb5 (43... Ne2+ 44. Kh2
Nxf4 45. a7 d2 46. a8=Q+ Kh7 47. Qb1+ f5 48. Qf3 {etc.}) 44. Qb7 Qf5 45. Be3 {
winning the knight and the game.}) 43... Kh8 44. a7 Ne2+ 45. Kh2 Qxa7 46. Qxd3
1/2-1/2